El buque fantasma / (Record no. 177237)
[ view plain ]
| 000 -LEADER | |
|---|---|
| campo de control de longitud fija | 00620nam a22002055i 4500 |
| 001 - NÚMERO DE CONTROL | |
| campo de control | 177237 |
| 003 - IDENTIFICADOR DE NÚMERO DE CONTROL | |
| campo de control | ES-MaACL |
| 005 - FECHA Y HORA DE LA ÚLTIMA TRANSACCIÓN | |
| campo de control | 20230906220302.0 |
| 008 - DATOS DE LONGITUD FIJA--INFORMACIÓN GENERAL | |
| campo de control de longitud fija | 110309s1990 sp |||| | spa d |
| 020 ## - NÚMERO INTERNACIONAL ESTÁNDAR DEL LIBRO | |
| Número Internacional Estándar del Libro | 84-87153-18-6 |
| 080 ## - NÚMERO DE LA CLASIFICACIÓN DECIMAL UNIVERSAL | |
| Número de la Clasificación Decimal Universal | 821.134.2-14"19" |
| 100 1# - ENTRADA PRINCIPAL--NOMBRE DE PERSONA | |
| Nombre de persona | Galán Berrocal, Antonio. |
| 9 (RLIN) | 145521 |
| 245 13 - MENCIÓN DEL TÍTULO | |
| Título | El buque fantasma / |
| Mención de responsabilidad, etc. | Antonio Galán Berrocal. |
| 260 ## - PUBLICACIÓN, DISTRIBUCIÓN, ETC. | |
| Lugar de publicación, distribución, etc. | Alcalá de Henares : |
| Nombre del editor, distribuidor, etc. | Fundación Colegio del Rey, |
| Fecha de publicación, distribución, etc. | imp. 1990. |
| 300 ## - DESCRIPCIÓN FÍSICA | |
| Extensión | 112 p. ; |
| Dimensiones | 21 cm. |
| 490 1# - MENCIÓN DE SERIE | |
| Mención de serie | Alcalá-Poesía ; |
| Designación de volumen o secuencia | 15 |
| 830 0# - PUNTO DE ACCESO ADICIONAL DE SERIE-TÍTULO UNIFORME | |
| Título uniforme | Alcalá-Poesía ; |
| Designación de volumen o secuencia | 15 |
| 9 (RLIN) | 189789 |
| 852 ## - LOCALIZACIÓN | |
| Ubicación | ES-MaACL |
| Número de control de estantería | E-14646 |
| Estatus retirado | Estado de pérdida | Estado de daño | No para préstamo | Biblioteca de origen | Biblioteca actual | Ubicación en estantería | Fecha de adquisición | Fuente de adquisición | Total de préstamos | Signatura topográfica completa | Código de barras | Visto por última vez | Precio de reemplazo | Tipo de ítem Koha |
|---|---|---|---|---|---|---|---|---|---|---|---|---|---|---|
| Biblioteca del Ateneo de Madrid | Biblioteca del Ateneo de Madrid | Depósito 2 | 09/03/2011 | E-14646 | 1186146 | 23/02/2023 | 23/02/2023 | Libro impreso |
